[Event "TUR-chT 2nd League"]
[Site "Konya"]
[Date "2017.07.17"]
[Round "1.8"]
[White "Aligil, Fadli"]
[Black "Hasanzade, Toghrul Qasim Oglu"]
[Result "0-1"]
[WhiteElo "1814"]
[BlackElo "2352"]
[PlyCount "67"]
[EventDate "2017.07.17"]
[EventType "team-swiss"]
[EventRounds "9"]
[EventCountry "TUR"]
[SourceTitle "CBM 179 Extra"]
[Source "ChessBase"]
[SourceDate "2017.08.23"]
[SourceVersion "1"]
[SourceVersionDate "2017.08.23"]
[SourceQuality "1"]
[WhiteTeam "Antalya Deniz Genclik"]
[BlackTeam "Gaziantep Sader"]
[WhiteTeamCountry "TUR"]
[BlackTeamCountry "TUR"]

1. d4 Nf6 2. c4 c6 3. Nc3 d5 4. Nf3 e6 5. Bg5 h6 6. Bxf6 Qxf6 7. e3 g6 8. Bd3 dxc4 9. Bxc4 Bg7 10. 0-0 0-0 11. Qe2 Nd7 12. e4 Qd8 13. Rfd1 b5 14. Bb3 a6 15. Rac1 Qb6 16. h3 Bb7 17. e5 c5 18. dxc5 Nxc5 19. Qe3 Rfc8 20. Bc2 b4 21. Ne4 Bxe4 22. Bxe4 Ra7 23. Rc4 Rac7 24. Rdc1 Qa5 25. b3 Nd7 26. Rxc7 Rxc7 27. Rxc7 Qxc7 28. Bd3 a5 29. Qf4 Qc3 30. Qc4 Bxe5 31. Qb5 Nc5 32. Bf1 Bd4 33. Nxd4 Qxd4 34. Qe2 0-1

[Event "TUR-ch op"]
[Site "Antalya"]
[Date "2008.02.07"]
[Round "7.38"]
[White "Aligil, Fadli"]
[Black "Kemaloglu, Kadri Yavuz"]
[Result "1/2-1/2"]
[WhiteElo "1728"]
[BlackElo "2085"]
[PlyCount "107"]
[EventDate "2008.02.04"]
[EventType "swiss"]
[EventRounds "11"]
[EventCountry "TUR"]
[SourceTitle "CBM 122 Extra"]
[Source "ChessBase"]
[SourceDate "2008.03.04"]
[SourceVersion "1"]
[SourceVersionDate "2008.03.04"]
[SourceQuality "1"]

1. e4 c5 2. Nf3 e6 3. d4 cxd4 4. Nxd4 Nc6 5. Nc3 Qc7 6. Be3 a6 7. Bd3 Nf6 8. 0-0 Ne5 9. h3 Bc5 10. Kh1 b5 11. a3 Bb7 12. f4 Nxd3 13. cxd3 d6 14. Rc1 Qb6 15. Nce2 e5 16. fxe5 dxe5 17. Rxc5 Qxc5 18. Nf5 Qf8 19. Bg5 0-0-0 20. Qc2+ Kb8 21. Nxg7 Rc8 22. Qb3 Ne8 23. Nf5 f6 24. Be3 Rc7 25. Nc3 Qf7 26. Qb4 Qd7 27. d4 Rc4 28. Qa5 exd4 29. Rd1 Qc7 30. Qxc7+ Kxc7 31. Rxd4 Rxd4 32. Bxd4 Kd7 33. Ne3 Rf8 34. Ncd5 Rf7 35. g4 Ke6 36. Nf4+ Kd7 37. Ned5 Kd6 38. Kg2 Nc7 39. Nxf6 Ne6 40. Nxe6 Kxe6 41. g5 h6 42. h4 hxg5 43. hxg5 Rg7 44. Be3 Rc7 45. Kf3 Rc4 46. Bd2 Kf7 47. Bc3 Kg6 48. Kf4 Rc5 49. Nd5 Bxd5 50. exd5 Rxd5 51. Bf6 Rf5+ 52. Ke4 Rc5 53. Kd4 Rf5 54. Ke4 1/2-1/2

[Event "TUR-ch op"]
[Site "Antalya"]
[Date "2008.02.04"]
[Round "2.74"]
[White "Sahin, Zekayi"]
[Black "Aligil, Fadli"]
[Result "0-1"]
[WhiteElo "1347"]
[BlackElo "1728"]
[PlyCount "54"]
[EventDate "2008.02.04"]
[EventType "swiss"]
[EventRounds "11"]
[EventCountry "TUR"]
[SourceTitle "CBM 122 Extra"]
[Source "ChessBase"]
[SourceDate "2008.03.04"]
[SourceVersion "1"]
[SourceVersionDate "2008.03.04"]
[SourceQuality "1"]

1. e4 c5 2. Nf3 Nc6 3. d4 cxd4 4. Nxd4 Nf6 5. Nc3 e5 6. Nxc6 bxc6 7. Bg5 Be7 8. Bc4 0-0 9. Qd2 h6 10. Be3 Bb4 11. f3 d5 12. a3 Qa5 13. 0-0 Bxc3 14. bxc3 dxc4 15. Qd6 Be6 16. Bc5 Rfd8 17. Qxe5 Nd7 18. Qd6 Qxc5+ 19. Qxc5 Nxc5 20. a4 Rd2 21. Ra2 Rad8 22. g4 h5 23. h3 Nd3 24. Raa1 Nf4 25. Kh1 Rxc2 26. gxh5 Rdd2 27. Rab1 Rh2+ 0-1